Latent defects (Record no. 71198)

MARC details
000 -LEADER
fixed length control field 01220cam a2200337 4500
001 - CONTROL NUMBER
control field ABS65904
008 - FIXED-LENGTH DATA ELEMENTS--GENERAL INFORMATION
fixed length control field 020924n2002 000 0 eng u
035 ## - SYSTEM CONTROL NUMBER
System control number (Sirsi) u119801
100 ## - MAIN ENTRY--PERSONAL NAME
Personal name Langley, R
245 ## - TITLE STATEMENT
Title Latent defects
260 ## - PUBLICATION, DISTRIBUTION, ETC.
Date of publication, distribution, etc. 2002
490 ## - SERIES STATEMENT
Series statement Cost Engineer
Volume/sequential designation 40(3) July 2002, 14-15(2)
520 ## - SUMMARY, ETC.
Summary, etc. Offers advice about the degree of liability that a contractor, or consultant, owes to its' employer for defects in a project that are either latent or patent. Suggests definitions, exclusions, extent, claims in contract law, claims in law of tort and practical advice.
590 ## - LOCAL NOTE (RLIN)
Local note ABS
650 ## - SUBJECT ADDED ENTRY--TOPICAL TERM
Topical term or geographic name entry element LATENT DEFECTS
650 ## - SUBJECT ADDED ENTRY--TOPICAL TERM
Topical term or geographic name entry element PATENT DEFECTS
650 ## - SUBJECT ADDED ENTRY--TOPICAL TERM
Topical term or geographic name entry element TORT
650 ## - SUBJECT ADDED ENTRY--TOPICAL TERM
Topical term or geographic name entry element CONTRACT LAW
650 ## - SUBJECT ADDED ENTRY--TOPICAL TERM
Topical term or geographic name entry element CONTRACTORS
650 ## - SUBJECT ADDED ENTRY--TOPICAL TERM
Topical term or geographic name entry element CONSULTANTS
650 ## - SUBJECT ADDED ENTRY--TOPICAL TERM
Topical term or geographic name entry element LIABILITY
650 ## - SUBJECT ADDED ENTRY--TOPICAL TERM
Topical term or geographic name entry element BAXALL SECURITIES LTD AND ANOTHER V SHEARD WALSHAW PARTNERSHIP
650 ## - SUBJECT ADDED ENTRY--TOPICAL TERM
Topical term or geographic name entry element LATENT DAMAGE ACT 1986
650 ## - SUBJECT ADDED ENTRY--TOPICAL TERM
Topical term or geographic name entry element YOUNG & MARTEN LTD V MCMANUS CHILDS LTD
650 ## - SUBJECT ADDED ENTRY--TOPICAL TERM
Topical term or geographic name entry element SLATER V FINING LTD
650 ## - SUBJECT ADDED ENTRY--TOPICAL TERM
Topical term or geographic name entry element BROCKLESBY V ARMITAGE & GUEST
650 ## - SUBJECT ADDED ENTRY--TOPICAL TERM
Topical term or geographic name entry element MARTIN WILLIAM CAVE V ROBINSON JARVIS & ROLF
650 ## - SUBJECT ADDED ENTRY--TOPICAL TERM
Topical term or geographic name entry element LIMITATION ACT 1980
690 ## - LOCAL SUBJECT ADDED ENTRY--TOPICAL TERM (OCLC, RLIN)
Topical term or geographic name as entry element BUILT ENVIRONMENT-BUILDING PATHOLOGY
942 ## - ADDED ENTRY ELEMENTS (KOHA)
Suppress in OPAC 0
Holdings
Withdrawn status Lost status Source of classification or shelving scheme Damaged status Not for loan Home library Current library Shelving location Date acquired Total Checkouts Full call number Barcode Date last seen Copy number Price effective from Koha item type
    Dewey Decimal Classification     London London Journal article 24/09/2002   ABS65904 119801-1001 06/08/2019 1 06/08/2019 Journal article